|
|
|
|
| LEADER |
02102nam a2200445 a 4500 |
| 001 |
EBC3410038 |
| 003 |
MiAaPQ |
| 005 |
20200520144314.0 |
| 006 |
m o d | |
| 007 |
cr cn||||||||| |
| 008 |
110302s2011 nyu sb 001 0 eng d |
| 010 |
|
|
|z 2011009263
|
| 020 |
|
|
|z 9780815632795 (cloth : alk. paper)
|
| 020 |
|
|
|a 9780815651154 (electronic bk.)
|
| 035 |
|
|
|a (MiAaPQ)EBC3410038
|
| 035 |
|
|
|a (Au-PeEL)EBL3410038
|
| 035 |
|
|
|a (CaPaEBR)ebr10493603
|
| 035 |
|
|
|a (CaONFJC)MIL946782
|
| 035 |
|
|
|a (OCoLC)757827323
|
| 040 |
|
|
|a MiAaPQ
|c MiAaPQ
|d MiAaPQ
|
| 043 |
|
|
|a f-ua---
|
| 050 |
|
4 |
|a HD9999.H363
|b E343 2011
|
| 082 |
0 |
4 |
|a 331.7/94
|2 22
|
| 100 |
1 |
|
|a Hanna, Nelly.
|
| 245 |
1 |
0 |
|a Artisan entrepreneurs
|h [electronic resource] :
|b in Cairo and early-modern capitalism (1600-1800) /
|c Nelly Hanna.
|
| 250 |
|
|
|a 1st ed.
|
| 260 |
|
|
|a Syracuse, N.Y. :
|b Syracuse University Press,
|c c2011.
|
| 300 |
|
|
|a ix, 244 p.
|
| 490 |
1 |
|
|a Middle East studies beyond dominant paradigms
|
| 504 |
|
|
|a Includes bibliographical references and index.
|
| 505 |
0 |
|
|a Defining a framework for the economic history of early-modern Egypt -- Artisan entrepreneurs: capitalist practices in a precapitalist environment -- A period of unprecedented social mobility for nonelites -- The Jalfis: oil pressers and emirs -- Competition between different forms of capitalism -- Guilds: moving between traditional and precapitalist structures -- Conclusion: what remained of artisan entrepreneurship a hundred years later?.
|
| 533 |
|
|
|a Electronic reproduction. Ann Arbor, MI : ProQuest, 2015. Available via World Wide Web. Access may be limited to ProQuest affiliated libraries.
|
| 650 |
|
0 |
|a Artisans
|z Egypt
|z Cairo
|x History.
|
| 650 |
|
0 |
|a Entrepreneurship
|z Egypt
|z Cairo
|x History.
|
| 650 |
|
0 |
|a Capitalism
|z Egypt
|z Cairo
|x History.
|
| 651 |
|
0 |
|a Egypt
|x Economic conditions.
|
| 655 |
|
4 |
|a Electronic books.
|
| 710 |
2 |
|
|a ProQuest (Firm)
|
| 830 |
|
0 |
|a Middle East studies beyond dominant paradigms.
|
| 856 |
4 |
0 |
|u https://ebookcentral.proquest.com/lib/matrademy/detail.action?docID=3410038
|z Click to View
|